| 000 | 01004nam a22001697a 4500 | ||
|---|---|---|---|
| 003 | JO-AjAnu | ||
| 005 | 20240624142448.0 | ||
| 008 | 231211b jo ||||| |||| 00| 0 ara d | ||
| 040 |
_bARA _cJO-AjAnu _dANU |
||
| 100 |
_aالقضاة، سوار فايز _964871 _eمعد |
||
| 245 |
_aأثر المخاطر الائتمانية على الأداء المالي للبنوك التجارية الأردنية، الحوكمة : كمتغير معدل = The Effect of Credit Risk on Financial Perfomance in Jordanian Commercial Banks-Governance as
a Moderating Variable / _cاعداد سوار فايز القضاة ؛ اشراف مأمون محمد القضاة |
||
| 300 | _a90 ورقه | ||
| 500 | _aرساله جامعية (ماجستير) - جامعة عجلون الوطنية، 2023 تحتوي هذه الرسالة على جداول | ||
| 650 | _vالحوكمة-البنوك التجارية-الأردن | ||
| 700 |
_aمأمون محمد القضاة _964873 _eمشرف |
||
| 942 |
_2lcc _cTHS _n0 |
||
| 999 |
_c33260 _d33260 |
||